Ludność wszystkich państw Azji - Statystyki

Ogólne statystyki
  • Ten quiz został rozwiązany 106 razy
  • Średni wynik to 27 z 48
Statystyki odpowiedzi
Ludność Państwo % Poprawnych
1 420 000 000 Chiny
100%
1 296 384 042 Indie
98%
267 670 543 Indonezja
89%
207 774 520 Pakistan
80%
163 187 000 Bangladesz
75%
125 396 901 Japonia
73%
146 238 185 Rosja
70%
106 651 394 Filipiny
69%
93 643 000 Wietnam
68%
51 454 000 Korea Południowa
66%
82 835 090 Turcja
66%
81 423 000 Iran
64%
67 091 089 Tajlandia
64%
38 858 000 Irak
59%
51 419 420 Mjanma
59%
35 530 000 Afganistan
58%
31 787 580 Arabia Saudyjska
56%
25 643 466 Korea Północna
56%
429 000 Brunei
55%
32 050 000 Malezja
55%
29 977 000 Jemen
54%
360 000 Malediwy
54%
18 735 900 Kazachstan
53%
30 485 798 Nepal
53%
33 398 578 Uzbekistan
53%
15 288 489 Kambodża
50%
804 000 Bhutan
49%
3 206 408 Mongolia
49%
20 130 000 Sri Lanka
49%
17 616 818 Syria
49%
1 066 40 Timor Wschodni
49%
9 442 460 Izrael
48%
2 794 148 Katar
48%
6 680 000 Laos
48%
4 613 241 Oman
48%
5 607 300 Singapur
48%
9 822 000 Azerbejdżan
46%
1 452 000 Bahrajn
46%
4 405 000 Kuwejt
46%
4 510 000 Liban
46%
7 800 000 Tadżykistan
46%
2 963 900 Armenia
45%
3 718 200 Gruzja
45%
6 263 000 Kirgistan
45%
7 131 000 Jordania
44%
9 400 000 Zjednoczone Emiraty Arabskie
43%
1 221 549 Cypr
41%
5 180 000 Turkmenistan
41%
Nie znaleziono quizów pasujących do podanych kryteriów
Rozkład punktacji
Procent ludzi z każdym wynikiem
Percentyl według liczby udzielonych odpowiedzi
Twoja historia wyników
Nie rozwiązałeś tego quizu